U.S States With the Letter L - Statistics

General Stats
  • This quiz has been taken 354 times
  • The average score is 13 of 14
Answer Stats
U.S States % Correct
Alabama
99%
California
99%
Louisiana
98%
Alaska
96%
Delaware
96%
Florida
96%
Illinois
96%
Pennsylvania
95%
North Carolina
94%
South Carolina
94%
Colorado
93%
Oklahoma
93%
Rhode Island
93%
Maryland
91%
No matching quizzes found
Score Distribution
Percent of People with Each Score
Percentile by Number Answered
Your Score History
You have not taken this quiz